| 000 | 00761nab a2200181 4500 | ||
|---|---|---|---|
| 999 |
_c372354 _d372354 |
||
| 001 | 90031 | ||
| 003 | OSt | ||
| 005 | 20230411131506.0 | ||
| 007 | tu | ||
| 008 | 110905s2000||||||| | ||
| 040 |
_aDE-2950 _cDE-2950 |
||
| 245 | 0 | 0 |
_aWie die ersten Straßen zu ihren Namen kamen. _bStadtgeschichte. Die ersten Bezeichnungen für Straßen in der Stadt entstanden eher umgangssprachlich. ab dem 19. Jahrhundert wurden auch erstmals Personen auf Straßenschildern gewürdigt. Teil 1 einer kurzen Geschichte der Straßennamen in Frankfurt (Oder) / _cRalf-Rüdiger Targiel |
| 264 | _c2023 | ||
| 653 | _aFrankfurt (Oder) | ||
| 653 | _aStraßennamen / Geschichte | ||
| 773 | 0 |
_g34. Jahrgang (2023) Nr. 81, 05.04.2023, S. 16: mit Foto _tMärkische Oderzeitung |
|
| 942 |
_2z _cA |
||